• 首页
  • 本馆介绍
  • 公告通知
  • 最新文献
  • 馆藏检索
  • 电子资源
  • 读者导购
  • 参考咨询
  • 我的图书馆
  • 登录
  • 详细信息显示
  • 放入我的书架
  • 预约/预借图书
  • 作者相关作品
  • 分类相关作品
  • 丛书相关作品
  • 出版社相关作品

书目信息

  • 表格格式
  • 工作单格式
  • 卡片格式
题名:
彩色摄影250问
    
 
作者: 韩福桂 译
分册:  
出版信息: 沈阳   辽宁美术出版社  1986
页数: 382页
开本: 20cm
丛书名:
单 册:
中图分类: TB861
科图分类:
主题词: 彩色摄影
电子资源:
ISBN:
000 00496nam0 2200193 45
001 0312221749
005 20060515101129.34
010    @dCNY3.10
091    @a8161.0854
100    @a20031222d1986 km y0chiy0120 ea
101    @achi
200 1  @a彩色摄影250问@ACai Se She Ying 250 Wen@f韩福桂译@FHan Fu Gui Yi
210    @a沈阳@c辽宁美术出版社@d1986
215    @a382页@c图@d20cm
606 0  @a彩色摄影
690    @aTB861@v3
701 0  @a韩福桂@4译
801    @aCN@bTSTCL@c20060515
905    @dTB861@e10
    
    彩色摄影250问/韩福桂译.-沈阳:辽宁美术出版社,1986
    382页:图;20cm
    
    
    ISBN :CNY3.10
    
●
相关链接 在E读中查询图书 在五车中查询图书 在当当中查询图书 在豆瓣中查询图书


正题名:彩色摄影250问     索取号:TB861/10         预约/预借

序号 登录号 条形码 馆藏地/架位号 状态 备注
1 0166736   202337523   密集书库/ [索取号:TB861/10] 在馆    
2 0166737   202451998   第二样本阅览室/ [索取号:TB861/10] 在馆    
3 0166738   001358970   第三借阅区/ [索取号:TB861/10] 在馆    
唐山师范学院图书馆 欢迎您!
大连网信软件有限公司© 版权所有